| 000 | 01195nac a22003737a 4500 | ||
|---|---|---|---|
| 001 | BR7908135 | ||
| 003 | BR-BrBNA | ||
| 005 | 20240105114546.0 | ||
| 008 | 230509b bl.|||m| |||| 00| 0 por d | ||
| 040 |
_aBR-BrBNA _bpor _cBiblioteca Nacional de Agricultura |
||
| 072 | _aP10 | ||
| 090 | _aP10 BR7908135 | ||
| 100 | 1 | _aPessoa, M.D. | |
| 110 | 1 | _aSuperintendencia do Desenvolvimento do Nordeste, Recife, PE (Brasil) | |
| 245 | 1 | _aInventario hidrogeologico basico do nordeste. Folha no. 18 Sao Francisco - Nordeste [Recurso hidrico, Brasil] | |
| 260 | 3 |
_aRecife, PE (Brasil): _c1979. |
|
| 300 | _a237 p. | ||
| 490 |
_aBrasil. SUDENE. Hidrogeologia (Brazil) _vno. 59 _x |
||
| 500 | _a18 tables; 20 graphs; Map in portfolio, scale, 1:500.000; Summaries (En, Pt) | ||
| 650 | _aHIDROGEOLOGIA | ||
| 650 | _aCLIMA | ||
| 650 | _aVEGETACAO | ||
| 650 | _aHIDROLOGIA | ||
| 650 | _aGEOLOGIA | ||
| 650 | _aSEDIMENTACAO | ||
| 650 | _aAGUAS SUBTERRANEAS | ||
| 650 | _aQUIMICA DA AGUA | ||
| 650 | _aCAPTACAO D'AGUA | ||
| 650 | _aPLUVIOMETRIA | ||
| 650 | _aRECURSO HIDRICO | ||
| 650 | _aREGIAO NORDESTE | ||
| 909 |
_a202312 _bLúcia Elande _c55 _dLúcia Elande |
||
| 942 |
_2AGRIS _n0 _cMS |
||
| 999 |
_c270028 _d270028 |
||